000 01441nam a2200277 i 4500
003 DO-SdBNP
005 20240502181143.0
007 ta
008 110413s1983 dr o 000 0 spa d
040 _aDO-SdBNP
_bspa
_cBNPHU
_erda
082 _a320.97293
_bC961
_222
245 0 4 _aLos 42 días del presidente Majluta /
264 1 _aSanto Domingo :
_bTele 3,
_c[1983].
300 _a[91] páginas
_bfotografías
_c20 cm.
336 _2rdacontent
_atexto
_btxt
337 _2rdamedia
_asin mediación
_bn
338 _2rdacarrier
_avolumen
_bnc
505 _tIntroducción 9. --
_t Los 42 días 15. --
_tJacobo Majluta, Residente de la República 17. --
_gLo Primero: Garantizar Continuidad de la Democracia. --
_tAsegurar la Transmisión de Mando 20. --
_tEl Apoyo al Presidente Majluta 28. --
_tLos Primero Comentarios 28. --
_tMantuvo el pías en Marcha 31. --
_tEnfrentó Cara a Cara los Problemas 39. --
_t Atendió a cada cual 53. --
_t...y Extranjeros 62. --
_tSu Popularidad Aumentó 65. --
_tY 42 Días Después del 4 de julio 79 --
_tUn presidente del pueblo. Por el pueblo.. Para el Pueblo 88. /
590 _aInventariado, 2023/ YL
600 0 _aMajluta Azar, Jacobo
_d1934-1996
_97767
650 _aPolítica y gobierno
_zRepública Dominicana
650 0 _aPresidentes
_984055
653 _aJacobo Majluta Azar -- Mandato presidencial: 4 de julio de 1982 – 16 de agosto de 1982
910 _aYLockward
942 _2ddc
_cLBS1
999 _c54621
_d54621